Proyectos geotérmicos en Parques Nacionales: una apertura innecesaria /
Guardado en:
| Autor principal: | |
|---|---|
| Formato: | Libro |
| Lenguaje: | Spanish |
| Etiquetas: |
Agregar Etiqueta
Sin Etiquetas, Sea el primero en etiquetar este registro!
|
MARC
| LEADER | 00000nam a22000007a 4500 | ||
|---|---|---|---|
| 003 | cru CIDCACS/IIS | ||
| 005 | 20181025160928.0 | ||
| 007 | ta | ||
| 008 | 181025b2000 cr |||p|r||||||0| ||spa|d | ||
| 999 | |c 41853 |d 41853 | ||
| 040 | |c cru CIDCACS/IIS | ||
| 100 | 1 | |9 7878 |a Portilla P., Rolando | |
| 245 | 1 | |a Proyectos geotérmicos en Parques Nacionales: |b una apertura innecesaria / |c Rolando Portilla P. | |
| 246 | |a De Combo en Combo: |b lecciones y alcances para la sociedad civil | ||
| 300 | |a páginas 54-58: |b fotos | ||
| 773 | 0 | |0 41842 |9 2356 |d San José, Costa Rica: Editorial Aportes para la Educación, |o 17842 |t Aportes / | |
| 942 | |2 ddc |c PP | ||
